000 00874nam a2200229 4500
001 sa 68016498
003 DLC
005 20260227112654.0
008 700714s1967 pk b b 00100 eng
010 _asa 68016498
025 _aPL480:P-E-1384
050 0 _aDS382
_b.S57
082 _a915.49/03
245 0 _aA Short history of Pakistan.
_cGeneral editor: I. H. Qureshi.
260 0 _aKarachi,
_bUniversity of Karachi,
_c1967.
300 _a4 v.
_bmaps (part fold.)
_c23 cm.
350 _a11.00 (v. 1) varies.
504 _aIncludes bibliographies.
505 0 _abook 1. Pre-Muslim period, by A. H. Dani.--book 2. Muslim rule under the sultans, by M. Kabir.--book 3. The Mughul empire, by Sh. A. Rashid.--book 4. Alien rule and the rise of Muslim nationalism, by M. A. Rahim [and others].
651 0 _aPakistan
_xHistory.
700 1 0 _aQureshi, Ishtiaq Husain,
_eed.
999 _c87132
_d87132